00596nam a2200169Ia 4500008004100000020001800041041000800059082001600067100002000083245010600103250000600209260003300215300001100248650002300259999001900282952012500301210716s2007 xx 000 0 und d a9780143063759 aeng a374.22 CHIP aChidambaram, P. aView from the outside: why good economics works for everyone.bWhy good economics works for everyone. a1 aHaryanabPenguin Booksc2007 axv,372 aGeneral Management c210452d210452 001040708MBAaAIMITbAIMITd2018-03-01g450.00l0o374.22 CHIPpMBA13020r2026-05-23 00:00:00v337.50w2021-07-16yBK